Uneven development in agriculture and labour migration: a case of Bihar and Punjab (Record no. 378901)

000 -LEADER
fixed length control field 00609cam a22001697a 4500
008 - FIXED-LENGTH DATA ELEMENTS--GENERAL INFORMATION
fixed length control field 180718b1995 xxu||||| |||| 00| 0 eng d
020 ## - INTERNATIONAL STANDARD BOOK NUMBER
International Standard Book Number 8185952272
082 ## - DEWEY DECIMAL CLASSIFICATION NUMBER
Classification number R18x54 M314u
100 ## - MAIN ENTRY--PERSONAL NAME
Personal name Manjit Singh
245 ## - TITLE STATEMENT
Title Uneven development in agriculture and labour migration: a case of Bihar and Punjab
Statement of responsibility, etc. by Manjit Singh
260 ## - PUBLICATION, DISTRIBUTION, ETC.
Place of publication, distribution, etc. Shimla
Name of publisher, distributor, etc. Indian Institute of Advanced Study
Date of publication, distribution, etc. 1995
300 ## - PHYSICAL DESCRIPTION
Extent 213p.
650 ## - SUBJECT ADDED ENTRY--TOPICAL TERM
Topical term or geographic name entry element Agricultural development - India - Punjab
650 ## - SUBJECT ADDED ENTRY--TOPICAL TERM
Topical term or geographic name entry element Agricultural development - India - Bihar
650 ## - SUBJECT ADDED ENTRY--TOPICAL TERM
Topical term or geographic name entry element Migratory labour - India - Punjab
650 ## - SUBJECT ADDED ENTRY--TOPICAL TERM
Topical term or geographic name entry element Migratory labour India - Bihar
Holdings
Withdrawn status Lost status Damaged status Not for loan Permanent Location Current Location Date acquired Full call number Barcode Date last seen Price effective from Koha item type
        Indian Institute of Public Administration Indian Institute of Public Administration 1996-03-12 R18x54 M314u 70449 2018-07-21 2018-07-21 Book

Powered by Koha